| 000 | 02061nam a22001577a 4500 | ||
|---|---|---|---|
| 041 | _aukr | ||
| 080 | _a09 | ||
| 090 | _bБОБ | ||
| 100 | _aБобков В. О. | ||
| 245 | _aСемантичні особливості англійських фразеологізмів з компонентами назвами метрологічних одиниць | ||
| 260 |
_aОстрог _bКАФ _c2007 |
||
| 300 | _a90 | ||
| 520 |
_aВступ.
Розділ 1. Основні поняття фразеології.
1.1. Лінгвістичний статус компонента ФО.
1.1.1. Словесні ознаки компонента фразеологізму.
1.1.2. Фразеологізм слово.
1.2. Системні звязки фразеологічної системи мови. Проблема синонімії та варіантності ФО.
1.3. Фразеологія і нумерологія.
1.4. Основні методи дослідження та опису ФО.
1.5. Семантика як наука та її суть.
1.5.1. Розвиток семантики.
1.5.2. Значення в сфері фразеології.
1.5.3. Семантичні відношення.
Розділ 2. Характеристика англійських ФО з компонентами назвами метрологічних одиниць.
2.1. Семантика ФО з компонентом загальною назвою метрологічних одиниць measure.
2.2. Семантика ФО з компонентом назвою лінійної міри inch.
2.3. Семантика ФО з компонентом назвою лінійної міри step.
2.4. Семантика ФО з компонентом назвою лінійної міри foot.
2.5. Семантика ФО з компонентами назвами інших метрологічних одиниць.
Висновки. _0фразеологія, семантика |
||
| 650 | _aResearch Papers | ||
| 999 |
_c284093 _d284093 |
||
| 942 | _cBK | ||